000 00789nam a2200277Ia 4500
001 Para_5230
003 CHAP
008 220125s1917 xx 000 0 und d
010 _a203604
040 _cCHAP
090 _aPA FOLLETO 2571
100 _aRommel, George M
_9166773
245 _aSwine management /
_c George M. Rommel and F. G. Asnbrook
260 _aWashington :
_b Department of Agriculture
300 _a38 p.
440 _aEUA. Dept. of Agriculture Farmers' bull.; 874
_9169485
650 _aGanado porcino
_x Cría de.
_945350
700 _aAshbrook, F. G.
_9169420
901 _aPA FOLLETO 2571
902 _aA
905 _a0000001917 WAS 0000000000 00
910 _a1917
942 _cPARA
942 _cPARA
_d1
999 _c203604
_d203604